Analisis economico y toma de decision en la comunicacion (Record n. 43676)

Dettagli MARC
000 -LEADER
fixed length control field 01292nam a2200325Ia 4500
001 - CONTROL NUMBER
control field 94224
003 - CONTROL NUMBER IDENTIFIER
control field IT-RoPAU
008 - FIXED-LENGTH DATA ELEMENTS--GENERAL INFORMATION
fixed length control field 130308s9999 xx 000 0 und d
040 ## - CATALOGING SOURCE
Original cataloging agency IT-RoPAU
040 ## - CATALOGING SOURCE
Transcribing agency IT-RoPAU
041 ## - LANGUAGE CODE
Language code of text/sound track or separate title SPAGNOLO
999 ## - SYSTEM CONTROL NUMBERS (KOHA)
Koha Dewey Subclass [OBSOLETE] SI
100 ## - MAIN ENTRY--PERSONAL NAME
Personal name Klees Steven
100 ## - MAIN ENTRY--PERSONAL NAME
Miscellaneous information Codice Aut. SPICS: 33005
245 ## - TITLE STATEMENT
Title Analisis economico y toma de decision en la comunicacion
245 ## - TITLE STATEMENT
Remainder of title Enfoques Sobre la planificacion de la Comunicacion
250 ## - EDITION STATEMENT
Edition statement 1a ed.
260 ## - PUBLICATION, DISTRIBUTION, ETC. (IMPRINT)
Place of publication, distribution, etc. QUITO
260 ## - PUBLICATION, DISTRIBUTION, ETC. (IMPRINT)
Name of publisher, distributor, etc. Ciespal
260 ## - PUBLICATION, DISTRIBUTION, ETC. (IMPRINT)
Date of publication, distribution, etc. 1981 [1° Ed.:1981 - Ed.Ling.Originale:1976]
300 ## - PHYSICAL DESCRIPTION
Extent "36 p. (prefazione: no ; testo: 36 [pagine: 229-264])"
500 ## - GENERAL NOTE
General note Analisi Economica e presa di Decisione nella Comunicazione Naturalezza dell'Analisi Economica Sistema della Teoria Economica neoclassica costi Effetti e benefici Sviluppo Nazionale Critiche e Alternative Applicazioni Ai sistemi delle comunicazioni Comunicazione Come Bene e Servizio Comunicazione Come Industria Comunicazione e Sviluppo Nazionale Analisi delle Decisioni nel settore delle Comunicazioni
650 ## - SUBJECT ADDED ENTRY--TOPICAL TERM
Topical term or geographic name as entry element POLITICA DELLA COMUNICAZIONE SOCIALE
650 ## - SUBJECT ADDED ENTRY--TOPICAL TERM
Relator term Codice materia Spics: 3803
700 ## - ADDED ENTRY--PERSONAL NAME
Personal name Wells Stuart
700 ## - ADDED ENTRY--PERSONAL NAME
Miscellaneous information Codice Aut. SPICS: 33006
942 ## - ADDED ENTRY ELEMENTS (KOHA)
Koha item type LIBRO
957 ## -
-- 1
999 ## - SYSTEM CONTROL NUMBERS (KOHA)
-- 1
Dati di copia
Withdrawn status Lost status Damaged status Not for loan Home library Current library Date acquired Total Checkouts Full call number Date last seen Price effective from Koha item type Public note
    Buone Condizioni Not For Loan SPICS-MEDIATECA SPICS-MEDIATECA 08/03/2013   94224 08/03/2013 08/03/2013 LIBRO Progressivo inserimento: 11865 / N. Volumi: 0 [=Contributo] Copie: 1 Copia Rara: SI / data import: 1 marzo 2013 - By Epidotti, Trombetti, Vaglietti.
CREDITS: SOCIETA' SAN PAOLO Via A.Severo, 58 - ROMA (RM) & PERIODICI SAN PAOLO SRL Via Giotto, 36 MILANO & CISF Via Giotto, 36 MILANO & EDIZIONI SAN PAOLO SRL,  Piazza Soncino, 5 CINISELLO BALSAMO (MI) -- ITALY